000 nam a22 7a 4500
999 _c10839
_d10839
008 180226b ||||| |||| 00| 0 eng d
100 _aSharma,D.K.etal.
_96666
245 _aAccountancy-XII
260 _aNew Delhi
_bA.P.
_c2015